000 00396nam a2200169Ia 4500
008 221030s9999 xx 000 0 und d
020 _a0070087709
041 _aEnglish
100 _aE. Rich
245 0 _aArtificial Intelligence
_cby E. Rich, K. Knight
250 _a3rd
260 _bTMH
_aNew Delhi
_c2010
300 _a568
650 _aBB Computer
700 _aK. Knight
942 _cBK
999 _c16268
_d16268